000 00269nam a2200097Ia 4500
008 120527s9999 xx 000 0 und d
100 _aEBOH, C.Eric .et al
245 _aRenewable natural resources sustainable economic,growth and poverty
260 _bAIEA
942 _cBK
999 _c25336
_d25336